No longer human / (Record no. 31047)

MARC details
000 -LEADER
fixed length control field 00891cam a22002891 4500
001 - CONTROL NUMBER
control field 7475637
003 - CONTROL NUMBER IDENTIFIER
control field EG-ScBUE
005 - DATE AND TIME OF LATEST TRANSACTION
control field 20251202102556.0
008 - FIXED-LENGTH DATA ELEMENTS--GENERAL INFORMATION
fixed length control field 720623s1973 nyu f 000 1 eng d
035 ## - SYSTEM CONTROL NUMBER
System control number 7475637
035 ## - SYSTEM CONTROL NUMBER
System control number (OCoLC)339792
040 ## - CATALOGING SOURCE
Original cataloging agency DLC
Language of cataloging eng
Description conventions rda
Transcribing agency ODaWU
Modifying agency OCoLC
-- DLC
-- EG-ScBUE
041 1# - LANGUAGE CODE
Language code of text/sound track or separate title eng
Language code of original and/or intermediate translations of text jpn
082 04 - DEWEY DECIMAL CLASSIFICATION NUMBER
Edition number 22
Classification number 895.634
Item number DAZ
100 1# - MAIN ENTRY--PERSONAL NAME
Personal name Dazai, Osamu,
Dates associated with a name 1909-1948,
Relator term author.
245 10 - TITLE STATEMENT
Title No longer human /
Statement of responsibility, etc by Osamu Dazai ; translated by Donald Keene.
264 #1 - PUBLICATION, DISTRIBUTION, ETC. (IMPRINT)
Place of publication, distribution, etc New York :
Name of publisher, distributor, etc New Directions Publishing Corporation,
Date of publication, distribution, etc 1973.
300 ## - PHYSICAL DESCRIPTION
Extent 145 pages ;
Dimensions 21 cm
336 ## - CONTENT TYPE
Content type term text
Content type code txt
Source rdacontent
337 ## - MEDIA TYPE
Media type term unmediated
Media type code n
Source rdamedia
338 ## - CARRIER TYPE
Carrier type term volume
Carrier type code nc
Source rdacarrier
546 ## - LANGUAGE NOTE
Language note Translation of Ningen shikkaku.
651 #7 - SUBJECT ADDED ENTRY--GEOGRAPHIC NAME
Geographic name Japan
Form subdivision Fiction.
Source of heading or term BUEsh
655 ## - INDEX TERM--GENRE/FORM
Form subdivision Reading book
700 1# - ADDED ENTRY--PERSONAL NAME
Personal name Keene, Donald,
Relator term translator.
942 ## - ADDED ENTRY ELEMENTS (KOHA)
Source of classification or shelving scheme Dewey Decimal Classification
Koha item type Book - Borrowing
Holdings
Withdrawn status Lost status Source of classification or shelving scheme Damaged status Not for loan Collection code Home library Current library Shelving location Date acquired Source of acquisition Total Checkouts Full call number Barcode Date last seen Price effective from Koha item type
    Dewey Decimal Classification     Donation-Gift Central Library Central Library Second Floor 02/12/2025 Donation   895.634 DAZ 000057444 02/12/2025 02/12/2025 Book - Borrowing